LEADER 00761nab a2200157 i 4500 001 000000264323 003 CaOOAMICUS 005 20060512000000.0 008 060512n xx uu u0 0und r 013 $a6894 040 $aSeMil$bita 245 10$aBangladesh :$bmissione dialogo. - 85, VII p. - Contiene : Servizio PUM, Pontificia Unione Missionaria. - Titolo principale dalla copertina. 500 $aMAGGIO 2006. 773 0 $t[2006 : Gennaio-Maggio].$dMilano : PIMEdit, 2006.$w()146945 774 0 $aDel Prete, Vito $tMissione nel cuore della Chiesa [Editoriale]. - In.$w()304984 996 $6245$aBangladesh :$bmissione dialogo. - 85, VII p. - Contiene : Servizio PUM, Pontificia Unione Missionaria. - Titolo principale dalla copertina.$9(OLS)http://semarc/title/356925 LEADER 00791nam a22001937i 4500 001 000000340035 003 CaOOAMICUS 005 20200331142305.0 008 200331s20192020it e z011 d ita r 040 $aSeMil$bita 245 10$aErudire et edocere :$btradizioneinnovazione. 1599-2019 Quattro secoli di storia. 260 $a[S.l. :$bs.n.,$c2019] 300 $a91 p. ;$c21 cm. 650 4$aGorla Minore - Collegio Rotondi.$0(OLS)http://semarc/subject/13997 850 $aSeMil 852 $aSeMil$W1$xVenegono$y1$m5D IX 26/10$j220683$B231185$CSeMilBibl$Z2$F231185 $81 996 $6245$aErudire et edocere :$btradizioneinnovazione. 1599-2019 Quattro secoli di storia$9(OLS)http://semarc/title/428951 996 $6260$a[S.l. :$bs.n.$9(OLS)http://semarc/publisher/31686